[Event "BAN-chT SAIF POWERTEC 2020"]
[Site "Dhaka"]
[Date "2021.03.22"]
[Round "4.3"]
[White "Islam, Khandaker Aminul"]
[Black "Hossain, Enamul"]
[Result "1/2-1/2"]
[WhiteElo "2174"]
[BlackElo "2426"]
[Annotator "TA"]
[PlyCount "120"]
[EventDate "2021.03.19"]
[EventType "team-tourn"]
[EventCountry "BAN"]
[SourceTitle "playchess.com"]
[Source "ChessBase"]
[SourceQuality "1"]
[WhiteTeam "Bangladesh"]
[BlackTeam "Bangladesh"]
[WhiteTeamCountry "BAN"]
[BlackTeamCountry "BAN"]

{[%evp 9,120,-8,0,-3,0,-6,-14,-15,0,-41,-43,-36,-28,-25,-54,-63,-75,-60,-60,-41,-40,-206,-204,-268,-253,-266,-256,-266,-223,-266,-171,-168,-160,-160,-148,-158,-155,-151,-150,-137,-65,-165,-112,-127,-120,-275,-116,-134,-82,-71,-84,-155,-97,-158,-161,-151,-112,-146,-110,-129,-120,-126,-135,-130,-138,-127,-131,-184,-186,-196,-194,-237,-223,-229,-230,-409,-389,-348,-396,-387,-317,-327,-320,-330,-324,-310,6,10,29,29,29,29,29,29,29,0,50,50,40,31,266,93,114,0,147,0,125,0,113,0,107,0,397]} 1. d4 Nf6 2. Bf4 g6 3. Nc3 d5 4. e3 Bg7 5. h4 c6 6. Qd2 {A45: Trompowsky Attack.} Nbd7 7. Nf3 O-O 8. Ne5 Nh5 9. Bh2 Nxe5 {[#]} 10. dxe5 $146 ({Predecessor:} 10. Bxe5 f6 11. Bh2 f5 12. Be2 Nf6 13. Bf4 Qe8 14. f3 Nd7 15. h5 e5 16. dxe5 Nxe5 17. hxg6 hxg6 {½-½ (32) Gaertner,A (1251)-Mueller,M (1691) Willingen 2020}) 10... f6 11. exf6 Bxf6 12. Be2 Bxh4 13. g3 Bf6 14. g4 Ng7 15. Nd1 $2 (15. O-O-O $15) 15... e5 $19 16. g5 Bxg5 17. Bxe5 Qe7 18. Bxg7 Qxg7 19. c3 Be6 20. f4 Bd8 21. Nf2 Bb6 {Threatens to win with ...Bf5.} 22. O-O-O Rae8 23. Rde1 Bf5 24. Bg4 Be4 (24... Qe7 $17 {[%cal Rb6e3]} 25. Bxf5 Bxe3 26. Rxe3 Qxe3 27. Qxe3 Rxe3) 25. Rh3 (25. Nxe4 $15 Rxe4 26. Bf3) 25... Qe7 (25... h5 $19 26. Bd1 Bf5) 26. Rg3 Kh8 27. Nd1 $2 (27. Qe2 $17 {is a better defense.}) 27... Qc5 (27... g5 $1 $19 {[%cal Rg5f4] Strongly threatening ...gxf4.} 28. fxg5 Bg6) 28. Be2 Qa5 (28... Qd6 $142 29. Reg1 Rf7) 29. a3 $17 Qa4 30. Rf1 ({White should play} 30. Nf2) 30... Rf7 (30... Bf5 $142 {aiming for ...Qe4!} 31. Bd3 Bxd3 32. Qxd3 Qc4) 31. Bd3 ({White should try} 31. Nf2) 31... Bxd3 $1 32. Qxd3 Qe4 33. Qd2 Kg7 34. Rh3 Ree7 $36 {[%mdl 2048] Black has strong initiative.} 35. Rg1 Kf8 36. Rgg3 Qc4 37. Rf3 c5 38. Nf2 (38. Qg2 $17 {keeps fighting.}) 38... d4 $1 $19 39. Nd3 Bc7 40. exd4 cxd4 41. Ne5 dxc3 42. Rxc3 (42. bxc3 Bxe5 43. fxe5) 42... Qf1+ 43. Kc2 {intending Rhf3.} Bxe5 ({Not} 43... Rxf4 44. Rcf3 $1 $11) (43... Qxf4 44. Nxf7 Qxd2+ 45. Kxd2 $11) 44. Rhf3 Qb5 45. fxe5 Qxe5 46. Qh6+ Kg8 47. Rxf7 {[%csl Gf7][%cal Rh6h7]} Qe2+ $2 ({Inferior is} 47... Kxf7 48. Qxh7+ Qg7 49. Qh4 $11) (47... Qe4+ $19 48. Kc1 Qe1+ 49. Kc2 Qe4+ 50. Kc1 Qe1+ 51. Kc2 Re2+ 52. Kb3 Qd1+ 53. Ka2 Qd5+ {[%mdl 64] Double Attack} 54. Kb1 Qxf7) 48. Kb1 $11 {[%csl Gf7][%cal Rh6h7]} Qe4+ 49. Ka1 {[%csl Gf7][%cal Rh6h7]} Kxf7 50. Qxh7+ {[%mdl 4096] Endgame KQR-KQR} Kf6 51. Qh8+ Kf7 52. Qh7+ (52. Rc1 {is more complex.} Re5 53. Qh7+ Kf8 54. Qh6+ Kf7 55. Qh8) 52... Ke6 53. Qg8+ {[%mdl 1024] White has compensation.} Kf5 {With the idea ...Qe1+.} 54. Rc1 (54. Rc5+ {seems wilder.} Re5 55. Rc1 Qe3 56. Rh1 Re7 57. Rf1+) 54... Qe2 $2 {[#]} ({Better is} 54... Kg5 $14) 55. Qf8+ $2 (55. Rg1 $1 $18 {is the precise move to win.} Re6 56. Qf8+ Ke4 57. Qb4+ {[%mdl 64] Double Attack} Kf5 58. Qh4) 55... Ke6 $16 56. Qg8+ (56. Qc8+ $16 Kf7 57. Rh1) 56... Kf6 (56... Kf5 $11) 57. Qf8+ Ke6 $1 58. Qg8+ Kf6 59. Qf8+ Ke6 $1 60. Qg8+ (60. Qc8+ $16 Kf7 61. Rh1) 60... Ke5 $2 {[%mdl 40960] What a fight!  Weighted Error Value: White=0.39/Black=0.32. An unexpected result.} (60... Kf5 $11 {and Black is okay.}) 1/2-1/2

[Event "BAN-chT SAIF POWERTEC 2020"]
[Site "Dhaka"]
[Date "2021.03.22"]
[Round "4.4"]
[White "Rahman, Taibur"]
[Black "Subrota, Biswas"]
[Result "1-0"]
[WhiteElo "2215"]
[BlackElo "2262"]
[Annotator "TA"]
[PlyCount "113"]
[EventDate "2021.03.19"]
[EventType "team-tourn"]
[EventCountry "BAN"]
[SourceTitle "playchess.com"]
[Source "ChessBase"]
[SourceQuality "1"]
[WhiteTeam "Bangladesh"]
[BlackTeam "Bangladesh"]
[WhiteTeamCountry "BAN"]
[BlackTeamCountry "BAN"]

{[%evp 12,113,13,12,12,14,16,20,21,25,21,16,27,22,29,2,13,0,41,35,27,10,14,7,47,0,0,0,32,14,35,21,20,32,47,0,133,133,139,108,112,87,687,700,654,476,711,479,469,479,455,454,585,579,579,564,619,610,602,616,655,651,835,797,866,859,835,835,834,831,832,830,808,720,714,714,714,707,809,800,777,727,755,654,625,634,600,593,587,586,612,608,585,574,610,578,662,656,831,620,651,635,781,746]} 1. d4 d5 2. c4 c6 3. Nf3 Nf6 4. Nc3 e6 5. Bg5 Nbd7 6. cxd5 exd5 7. e3 h6 {The modern move. D35: Queen's Gambit Declined: Exchange Variation.} 8. Bh4 g5 9. Bg3 Nh5 {The position is equal.} 10. Bd3 Nxg3 11. hxg3 Bg7 12. Qc2 Nb6 13. Rd1 Qe7 {[#]} 14. a4 $146 {[%cal Ba2a4,Ba4a5,Ba5a6][%mdl 32]} ({Predecessor:} 14. O-O O-O 15. e4 dxe4 16. Bxe4 Be6 17. Rfe1 Qc7 18. Bh7+ Kh8 19. Bf5 Bxf5 20. Qxf5 {0-1 (77) Almagro Llamas,P (2483)-Mista,A (2575) Madrid 2018}) 14... Be6 15. a5 Nd7 16. a6 b6 17. O-O O-O 18. Bf5 Rac8 19. g4 Nf6 20. Ne5 Ne8 21. e4 dxe4 22. Qxe4 {[#] And now Nxf7! would win.} Nd6 23. Qd3 ({Reject} 23. Nxc6 Qe8 $15) 23... Bxe5 (23... Rfe8 $11) 24. dxe5 $16 Nc4 25. Qh3 Kg7 26. Ne4 {Black must now prevent b3.} Nxe5 $2 {[%mdl 8192] This move loses the game for Black.} (26... Rcd8 $16) 27. Bxe6 $18 {White is clearly winning.} Rcd8 28. Bf5 Qb4 (28... Rxd1 $142 29. Rxd1 Rd8) 29. Qc3 Qxc3 30. bxc3 {[%cal Bb2c3,Bc3c4][%mdl 32]} ({Less strong is} 30. Nxc3 Rfe8 $18) 30... Nd3 {[#]} 31. Nxg5 $1 {[%mdl 512]} Nc5 (31... hxg5 32. Bxd3) 32. Ne4 Nxa6 33. Ra1 Nc7 34. Rxa7 Nd5 35. c4 Nf4 36. Rb1 Rd4 37. g3 Nd3 38. Rxb6 Rxc4 39. Nd6 Rc1+ 40. Kg2 Ne1+ 41. Kh3 Nf3 42. Rb1 Rxb1 43. Bxb1 Kf6 44. Kg2 Ne1+ 45. Kf1 Nf3 46. Ba2 Nh2+ 47. Kg2 Nxg4 48. Nxf7 Rb8 49. Ra4 h5 50. Rf4+ Kg7 51. Be6 Nf6 52. Ng5 Re8 53. Bf5 Re2 54. Ne6+ Kh6 55. Nd4 Rd2 56. Nxc6 Nd5 57. Rd4 {Weighted Error Value: White=0.21/Black=0.37} 1-0

[Event "BAN-chT SAIF POWERTEC 2020"]
[Site "Dhaka"]
[Date "2021.03.22"]
[Round "4.5"]
[White "Mohammad Fahad, Rahman"]
[Black "Jabed Al Azad"]
[Result "1-0"]
[WhiteElo "2307"]
[BlackElo "2002"]
[Annotator "TA"]
[PlyCount "82"]
[EventDate "2021.03.19"]
[EventType "team-tourn"]
[EventCountry "BAN"]
[SourceTitle "playchess.com"]
[Source "ChessBase"]
[SourceQuality "1"]
[WhiteTeam "Bangladesh"]
[BlackTeam "Bangladesh"]
[WhiteTeamCountry "BAN"]
[BlackTeamCountry "BAN"]

{[%evp 9,82,-31,-34,-93,-74,-99,0,0,27,15,31,36,58,54,52,50,49,41,37,31,52,46,52,46,68,52,68,61,59,61,126,125,165,165,177,176,191,197,402,416,494,487,454,446,561,569,564,543,561,560,535,531,650,501,890,969,958,945,890,875,977,881,1205,1177,1178,1152,1118,1022,29976,29968,29981,29973,29972,29973,29992]} 1. e4 c6 2. d4 d5 3. e5 Bf5 4. h4 h5 5. Bg5 Qb6 6. Bd3 {B12: Caro-Kann: Advance Variation.} (6. b3 $15) 6... Bxd3 $17 {6...Qxd4 injects fresh life into this line.} 7. Qxd3 e6 ({Black should try} 7... Qxb2 $17 8. Qc3 Qxc3+ 9. Nxc3 e6) 8. Nd2 $11 {The position is equal.} Ne7 9. Ngf3 Nd7 10. O-O Nf5 11. c4 Be7 12. Bxe7 Nxe7 13. Rfc1 O-O {[#]} 14. a4 $146 {[%cal Ba2a4,Ba4a5][%mdl 32]} ({Predecessor:} 14. Qe3 Nf5 {½-½ (14) Jordan,J (2114)-Hallekamp,G (2085) Tostedt 2015}) 14... Rfc8 15. a5 Qd8 16. b4 Nf8 17. g3 Nf5 18. Nb3 {[%cal Bd2b3,Bb3a5,Ba5b7,Bb7d6][%mdl 32]} b6 19. c5 b5 {Black is on the road to losing.} (19... bxc5 $14 20. Nxc5 Nd7) 20. a6 $16 Nd7 21. Na5 Qc7 22. Nb7 Rf8 23. Nd6 Nxd6 $2 (23... g6 {was necessary.} 24. Ng5 Qb8) 24. cxd6 $18 Qc8 25. Ng5 {[%csl Gg5][%cal Rd3h7]} g6 {[#]} 26. Nxe6 $1 {[%mdl 512]} Nxe5 (26... fxe6 27. Qxg6+) 27. dxe5 Qxe6 28. Rxc6 Qxe5 29. Rd1 Qe4 30. Qxb5 Rab8 31. Qxd5 Qxb4 (31... Qxd5 $142 32. Rxd5 Rfd8) 32. d7 {[#] Threatening mate with Rxg6+.} Kg7 33. Qd4+ Qxd4 34. Rxd4 {[%mdl 4096] Endgame KRR-KRR} Rfd8 35. Rc7 Ra8 36. Rb4 Kf6 37. Rbb7 Ke7 38. Rxa7 Rab8 39. Rab7 {White mates.} Kd6 40. a7 Ra8 41. Rc8 Kd5 {Weighted Error Value: White=0.09/Black=0.53} 1-0

[Event "BAN-chT SAIF POWERTEC 2020"]
[Site "Dhaka"]
[Date "2021.03.22"]
[Round "4.6"]
[White "Erigaisi Arjun"]
[Black "Ganguly, Surya Shekhar"]
[Result "1/2-1/2"]
[WhiteElo "2559"]
[BlackElo "2635"]
[Annotator "TA"]
[PlyCount "60"]
[EventDate "2021.03.19"]
[EventType "team-tourn"]
[EventCountry "BAN"]
[SourceTitle "playchess.com"]
[Source "ChessBase"]
[SourceQuality "1"]
[WhiteTeam "India"]
[BlackTeam "India"]
[WhiteTeamCountry "IND"]
[BlackTeamCountry "IND"]

{[%evp 14,60,-8,-16,0,-11,-16,-41,-24,-29,-15,-42,-40,-49,0,-36,-33,-85,-95,-75,-54,-53,29,0,0,0,0,-9,43,-29,-27,-21,-11,-26,-43,-43,-36,-40,-2,-19,-25,-10,-13,-14,0,-43,0,-12,0]} 1. e4 e5 2. Nf3 Nc6 3. d4 exd4 4. Nxd4 Nf6 5. Nxc6 bxc6 6. e5 Qe7 7. Qe2 Nd5 8. h4 a5 {[%cal Ba7a5,Ba5a4][%mdl 32] C45: Scotch Game.} 9. c4 Nb6 {9...Ba6 is the hot move.} 10. Nd2 a4 {Black is slightly better.} 11. h5 {[#]} h6 $146 ({Predecessor:} 11... Ra5 12. Nf3 Qb4+ 13. Kd1 Ba6 14. Rh4 Be7 15. Re4 d5 16. exd6 Qxd6+ 17. Qd2 Rxh5 {0-1 (44) Nastase,R (2296)-Vajda,L (2547) Sovata 2018}) 12. f4 Qe6 13. g4 Ra5 14. Rh3 Ba6 15. f5 (15. Kf2 $15) 15... Qe7 $17 16. Re3 Qh4+ 17. Kd1 {[#]} Kd8 ({Black should play} 17... Nxc4 $1 $15 18. Nxc4 Rd5+ 19. Bd2 Bb4) 18. Re4 d5 19. exd6 Bxd6 20. Qe3 {Hoping for Qc3.} Qf6 ({Better is} 20... Nd7 $11) 21. Qc3 (21. Kc2 $14) 21... Qxc3 22. bxc3 Re8 23. Rxe8+ (23. Rb1 {is more complex.} f6 24. Rd4 Kd7 25. Kc2 c5 26. Re4) 23... Kxe8 24. Rb1 f6 25. Kc2 Kf7 26. c5 Bxc5 27. Bxa6 Rxa6 28. Ne4 Be7 29. Kd3 Ra8 30. Bf4 Rd8+ {Weighted Error Value: White=0.17/Black=0.18} 1/2-1/2

[Event "BAN-chT SAIF POWERTEC 2020"]
[Site "Dhaka"]
[Date "2021.03.22"]
[Round "4.7"]
[White "Sadhwani, Raunak"]
[Black "Dhulipalla Bala Chandra Prasad"]
[Result "1-0"]
[WhiteElo "2545"]
[BlackElo "2441"]
[Annotator "TA"]
[PlyCount "53"]
[EventDate "2021.03.19"]
[EventType "team-tourn"]
[EventCountry "BAN"]
[SourceTitle "playchess.com"]
[Source "ChessBase"]
[SourceQuality "1"]
[WhiteTeam "India"]
[BlackTeam "India"]
[WhiteTeamCountry "IND"]
[BlackTeamCountry "IND"]

{[%evp 16,53,31,22,19,17,16,18,46,49,66,49,53,56,68,69,112,128,125,86,87,68,47,50,61,46,120,102,220,221,211,210,208,158,1004,945,29992,29993,29993,29992]} 1. e4 e5 2. Nf3 Nc6 3. Bb5 a6 4. Ba4 Nf6 5. d3 d6 6. c3 g6 7. O-O Bg7 8. Re1 O-O 9. h3 Re8 {C77: Ruy Lopez: 3...a6 4 Ba4 Nf6, unusual lines.} 10. Be3 b5 11. Bc2 d5 {The position is equal.} 12. Nbd2 {[#]} d4 $146 ({Predecessor:} 12... h6 13. a4 Be6 14. Qc1 Nd7 15. d4 exd4 16. cxd4 Nb4 17. Bb1 dxe4 18. Nxe4 Kh7 19. axb5 axb5 20. Rxa8 Qxa8 21. Qxc7 {½-½ (48) Durarbayli,V (2617)-Le,Q (2708) Douglas 2019}) 13. cxd4 exd4 14. Bf4 Nd7 15. Rc1 Bb7 16. Bb3 Nce5 17. Nxe5 (17. Nxd4 c5 $11) 17... Nxe5 18. Bxe5 Rxe5 19. f4 Re7 20. e5 g5 ({Better is} 20... Rc8 $14) 21. e6 gxf4 (21... fxe6 $16 22. fxg5 (22. Bxe6+ Kh8 $14) 22... Qd6) 22. exf7+ $18 Kh8 23. Qg4 Qd6 24. Re6 Qb4 {[#]} (24... Rxe6 $16 25. Qxe6 (25. Bxe6 Qe5 $16) 25... Rf8 26. Qxd6 cxd6) 25. Rg6 $3 {[%mdl 512]} f3 (25... Qxb3 26. Nxb3) 26. Rxg7 f2+ 27. Kh2 {Weighted Error Value: White=0.09/Black=0.50} 1-0

[Event "BAN-chT SAIF POWERTEC 2020"]
[Site "Dhaka"]
[Date "2021.03.22"]
[Round "4.8"]
[White "Ikramul, Haq Siam"]
[Black "Mollah Abdullah, Al Rakib"]
[Result "0-1"]
[WhiteElo "2037"]
[BlackElo "2463"]
[Annotator "TA"]
[PlyCount "60"]
[EventDate "2021.03.19"]
[EventType "team-tourn"]
[EventCountry "BAN"]
[SourceTitle "playchess.com"]
[Source "ChessBase"]
[SourceQuality "1"]
[WhiteTeam "Bangladesh"]
[BlackTeam "Bangladesh"]
[WhiteTeamCountry "BAN"]
[BlackTeamCountry "BAN"]

{[%evp 18,60,21,24,28,20,32,27,27,22,22,17,21,15,31,22,28,12,16,0,0,0,0,0,7,-55,-18,-18,-18,-22,-22,-23,-17,-17,-13,-72,-72,-131,-137,-137,-129,-130,-131,-267,-257]} 1. d4 Nf6 2. Bg5 d6 3. Bxf6 exf6 4. e3 f5 5. g3 Nd7 6. Bg2 Nf6 7. Ne2 g6 8. c4 Bg7 9. Nbc3 O-O 10. O-O c6 {A45: Trompowsky Attack.} 11. Qd3 h5 {[#]} 12. b4 $146 ({Predecessor:} 12. h4 Re8 13. b4 Ng4 14. b5 Bd7 15. Rab1 Bf6 16. Nf4 g5 17. bxc6 bxc6 18. Nxh5 gxh4 {½-½ (30) Yurtseven,M (2318)-Injac,T (2215) Paracin 2016}) 12... h4 {White has an edge.} 13. b5 Bd7 14. Rab1 hxg3 15. hxg3 Qc7 16. Rfc1 Rfe8 17. a4 Bh6 18. bxc6 bxc6 19. d5 {aiming for dxc6.} c5 20. Nb5 Bxb5 21. Rxb5 (21. axb5 $11 Ng4 22. Rc3) 21... Rab8 (21... a6 $5 {[%cal Ra6b5]} 22. Rb3 Qa5 $15) 22. Rcb1 a6 23. R5b3 Nd7 24. Qc2 Rxb3 25. Rxb3 Rb8 26. Nc1 (26. Rxb8+ $11 Qxb8 27. e4) 26... Rb4 $17 27. Rb1 (27. Rxb4 $142 cxb4 28. Nb3) 27... Rxb1 $1 28. Qxb1 {[#]} Qa5 $1 29. Bf1 Qxa4 30. Qb7 {[#]} (30. Qb3 $17 Qb4 31. Qxb4 cxb4 32. Nb3) 30... Ne5 $1 {Weighted Error Value: White=0.22/Black=0.04} 0-1

[Event "BAN-chT SAIF POWERTEC 2020"]
[Site "Dhaka"]
[Date "2021.03.22"]
[Round "4.9"]
[White "Adhiban, B.."]
[Black "Hamid, Rani"]
[Result "1-0"]
[WhiteElo "2659"]
[BlackElo "1923"]
[Annotator "TA"]
[PlyCount "51"]
[EventDate "2021.03.19"]
[EventType "team-tourn"]
[EventCountry "BAN"]
[SourceTitle "playchess.com"]
[Source "ChessBase"]
[SourceQuality "1"]
[WhiteTeam "India"]
[BlackTeam "Bangladesh"]
[WhiteTeamCountry "IND"]
[BlackTeamCountry "BAN"]

{[%evp 18,51,35,33,47,35,65,64,57,60,72,63,71,71,80,64,97,88,85,91,99,99,163,105,211,211,200,192,411,378,1372,1354,2351,2282,1909,1864]} 1. e4 c5 2. Nf3 e6 3. d4 cxd4 4. Nxd4 a6 5. Nc3 Qc7 6. Bd3 Nf6 7. Qe2 d6 8. f4 Nc6 9. Nxc6 bxc6 10. O-O e5 {B46: Sicilian: Taimanov: 5 Nc3 a6.} 11. h3 $5 {[%mdl 4] A promising side line.} Be7 12. fxe5 dxe5 {White is slightly better.} 13. Be3 {[#]} a5 $146 ({Predecessor:} 13... O-O 14. Na4 c5 15. Nc3 Bb7 16. Bg5 Qb6 17. Na4 Qc6 18. Nc3 Rac8 19. Bc4 Rcd8 20. Bxf6 Bxf6 {1-0 (37) Bui,H (1884)-Askerov,I (1848) Duesseldorf 2016}) 14. Na4 Rb8 15. b3 O-O 16. Qf2 Nd7 17. Rad1 Kh8 18. Kh1 Ra8 19. Bc4 Ba6 {[#]} (19... Rb8 $16 {might work better.} 20. Qg1 Kg8) 20. Qf5 (20. Bxa6 $1 $18 Rxa6 21. Qf5) 20... Nf6 (20... Bc8 $16) 21. Nb6 $18 Ra7 {[#]} 22. Nd7 $1 {[%mdl 576] Discovered Attack} Bc8 $2 (22... Nxd7 {was worth a try.} 23. Bxa7 Bc8) 23. Qxe5 Bxd7 $2 (23... Qxd7 24. Rxd7 Rxd7) 24. Qxe7 {[%mdl 64] Double Attack. White is clearly winning.} Raa8 25. Rxf6 Qg3 26. Rf3 {Weighted Error Value: White=0.05/Black=0.43} 1-0

[Event "BAN-chT SAIF POWERTEC 2020"]
[Site "Dhaka"]
[Date "2021.03.22"]
[Round "4.10"]
[White "Nayem, Haque"]
[Black "Kovalev, Vladislav"]
[Result "0-1"]
[WhiteElo "2040"]
[BlackElo "2648"]
[Annotator "TA"]
[PlyCount "70"]
[EventDate "2021.03.19"]
[EventType "team-tourn"]
[EventCountry "BAN"]
[SourceTitle "playchess.com"]
[Source "ChessBase"]
[SourceQuality "1"]
[WhiteTeam "Bangladesh"]
[BlackTeam "Belarus"]
[WhiteTeamCountry "BAN"]
[BlackTeamCountry "BLR"]

{[%evp 9,70,-1,2,-32,-25,-23,-15,-38,-33,-39,-21,-39,-40,-31,-35,-29,-12,-42,-42,-66,-62,-66,-59,-88,-77,-83,-91,-93,-78,-144,-91,-80,-81,-102,-111,-110,-104,-98,-114,-149,-110,-111,-112,-108,-119,-101,-104,-158,-150,-261,-257,-259,-264,-287,-283,-282,-278,-337,-322,-314,-282,-275,-272]} 1. e4 e5 2. Nf3 Nc6 3. Bb5 a6 4. Bxc6 dxc6 5. d3 f6 6. Nbd2 {C68: Ruy Lopez: Exchange Variation, sidelines.} Be6 7. Qe2 Ne7 8. O-O {The position is equal.} c5 {[#]} 9. Nc4 $146 ({Predecessor:} 9. Rd1 Nc6 10. c3 Bd6 11. Nf1 Qd7 12. Be3 Rd8 13. d4 cxd4 14. cxd4 exd4 15. Nxd4 Nxd4 16. Bxd4 {½-½ (37) Garcia Saez,J (2182)-Cuadrado Garcia,J (1955) Galapagar 2004}) 9... Qd7 10. Be3 Nc6 11. c3 Rd8 12. Rfd1 Qf7 13. Ncd2 Be7 14. Nh4 g6 ({Much worse is} 14... Bxa2 $6 15. b3 $14) 15. Nhf3 O-O 16. Nf1 Bxa2 17. c4 Nb4 18. Ne1 a5 19. Nd2 (19. Rdc1 $142) 19... a4 (19... f5 $142 {...f4 is the strong threat.} 20. Bh6 Rfe8) 20. Rdc1 $17 f5 {[#] Strongly threatening ...f4.} 21. f3 b6 22. Rc3 Bh4 23. g3 Bf6 24. Ra3 Bb3 25. Nxb3 axb3 26. Rxb3 f4 27. Bd2 Nc6 {Threatens to win with ...Nd4.} 28. Bc3 ({Better is} 28. Rba3) 28... h5 29. Rb5 {[#]} (29. Qg2 $17 {is a better defense.}) 29... fxg3 $1 $19 {Black has a decisive advantage.} 30. hxg3 h4 31. g4 Bg5 32. Rd1 Bf4 33. Rb3 Bg3 34. Kg2 Bxe1 35. Rxe1 Qf4 {Weighted Error Value: White=0.17/Black=0.07} 0-1

[Event "BAN-chT SAIF POWERTEC 2020"]
[Site "Dhaka"]
[Date "2021.03.22"]
[Round "4.11"]
[White "Reefat, Bin-Sattar"]
[Black "Sumit, Kumar"]
[Result "1-0"]
[WhiteElo "2409"]
[BlackElo "2196"]
[Annotator "TA"]
[PlyCount "61"]
[EventDate "2021.03.19"]
[EventType "team-tourn"]
[EventCountry "BAN"]
[SourceTitle "playchess.com"]
[Source "ChessBase"]
[SourceQuality "1"]
[WhiteTeam "Bangladesh"]
[BlackTeam "India"]
[WhiteTeamCountry "BAN"]
[BlackTeamCountry "IND"]

{[%evp 14,61,16,10,7,0,17,0,7,-8,30,13,38,27,42,61,130,140,159,141,132,120,122,136,150,143,145,123,137,57,327,323,707,300,308,308,822,808,774,209,796,836,781,616,1928,1887,29989,29990,29997,29998]} 1. e4 e5 2. Nf3 Nc6 3. Bc4 Bc5 4. d3 Nf6 5. c3 d6 6. h3 a6 7. Bb3 Ba7 8. Nbd2 h6 {C54: Giuoco Piano: 4 c3 Nf6, main lines with 5 d4 and 5 d3.} 9. Nf1 O-O 10. g4 d5 {The position is equal.} 11. Qe2 dxe4 12. dxe4 Nh7 13. g5 hxg5 14. Rg1 $1 {[%cal Rc1g5]} g4 ({Don't go for} 14... Bxh3 $2 15. Nxg5 Bxf1 16. Qxf1 $18) (14... Na5 $14) 15. hxg4 $16 Be6 {[#]} 16. g5 $146 ({Predecessor:} 16. Bxe6 fxe6 17. g5 g6 18. Be3 Qd7 19. Bxa7 Rxa7 20. Ne3 Raa8 21. Ng4 {½-½ (35) Uuriintuya,U (2255)-Batchimeg,T (2395) Uliastai 2016}) 16... Qd6 17. Be3 Bxb3 18. axb3 Qe6 19. Bxa7 Rxa7 20. Ne3 Ne7 {[#]} 21. O-O-O (21. Nh4 $1 $16) 21... b5 $2 {[%mdl 8192] [#] A mistake that costs the game.} ({Black should play} 21... a5 $1 $14) 22. Rh1 $1 $18 Rb8 $2 (22... Ng6 23. Nf5 Re8) 23. Rh5 (23. g6 $142) 23... Ng6 24. Rdh1 Nhf8 (24... Nf4) 25. Nf5 c5 26. Qe3 $2 (26. Qf1 {Strongly threatening Qh3.} Qb6 27. Qh3) 26... Rc7 $2 (26... Rd7 27. Qxc5 Re8) 27. N3h4 Rd8 {[#]} 28. Nxg7 $1 {[%mdl 512]} Qxb3 {White must now prevent ...Rcd7.} (28... Qg4 29. Nhf5) 29. Ngf5 {[%cal Bg7f5,Bf5h6,Bh6g4][%mdl 32] White threatens Nh6+ and mate.} Rdd7 30. Nh6+ Kh7 31. Ng4+ {Weighted Error Value: White=0.57/Black=0.70} 1-0